000 00932cam a22001814a 4500
005 20250605164353.0
008 250528s ||||||||||||||||||||||||d
035 _a24175
040 _aGR-AtMCL
_bgre
_dGR-AtMCL
_eAACR2
245 1 _aEuropean Railway Review / Celebrating over 20 Years of Working Together in Rail
260 _bEuropean Railway Review,
_c2016
300 _a64
520 _aIntroduction of Energy Metering and Settlement and Billing at SBB, Looking Ahead to InnoTrans 2016, Building Passenger Rail: The Answer to Cognestion in Canada, Developing a Wireless On-Board Entertainment System for Passengers in Greece, Expo Ferroviaria 2016, Metal Theft: a Daily Concern for the Rail Sector and Its Customers, RSSB's Role in Helping to Improve Safety on the Railways, Transparency and Learning and a Positive Safety Culture.
700 1 _aWaters Craig
_99421
942 _cCR
999 _c9071
_d9071